Becas rurales / (Record no. 104636)

MARC details
000 -LEADER
campo de control de longitud fija 00677nam a2200181 i 4500
001 - NÚMERO DE CONTROL
campo de control 104636
003 - IDENTIFICADOR DE NÚMERO DE CONTROL
campo de control ES-MaACL
005 - FECHA Y HORA DE LA ÚLTIMA TRANSACCIÓN
campo de control 20230906183643.0
007 - CAMPO FIJO DE DESCRIPCIÓN FÍSICA--INFORMACIÓN GENERAL
campo de control de longitud fija t|
008 - DATOS DE LONGITUD FIJA--INFORMACIÓN GENERAL
campo de control de longitud fija 051202s1960 sp ||||1| spa d
110 2# - ENTRADA PRINCIPAL--NOMBRE DE ENTIDAD CORPORATIVA
Nombre de entidad corporativa o nombre de jurisdicción como elemento de entrada España.
Unidad subordinada Ministerio de Educación Nacional.
9 (RLIN) 3859
245 10 - MENCIÓN DEL TÍTULO
Título Becas rurales /
Mención de responsabilidad, etc. Ministerio de Educación Nacional.
260 ## - PUBLICACIÓN, DISTRIBUCIÓN, ETC.
Lugar de publicación, distribución, etc. Salamanca :
Nombre del editor, distribuidor, etc. [s.n.],
Fecha de publicación, distribución, etc. 1960 (
Lugar de fabricación/manufactura Madrid :
Fabricante Imp. Aguirre)
300 ## - DESCRIPCIÓN FÍSICA
Extensión 106 p. con lám. ;
Dimensiones 23 cm.
500 ## - NOTA GENERAL
Nota general Precede al tít.: Comisaría de Protección Escolar y Asistencia Social.
710 1# - ENTRADA AGREGADA--NOMBRE DE ENTIDAD CORPORATIVA
Nombre de entidad corporativa o nombre de jurisdicción como elemento de entrada España.
Unidad subordinada Comisaría General de Protección Escolar y Asistencia Social.
9 (RLIN) 3634
852 ## - LOCALIZACIÓN
Ubicación ES-MaACL
Número de control de estantería C-23463
Sublocalización o colección R.50697
Holdings
Estatus retirado Estado de pérdida Estado de daño No para préstamo Biblioteca de origen Biblioteca actual Ubicación en estantería Fecha de adquisición Fuente de adquisición Total de préstamos Signatura topográfica completa Código de barras Visto por última vez Precio de reemplazo Tipo de ítem Koha
        Biblioteca del Ateneo de Madrid Biblioteca del Ateneo de Madrid Depósito 2 17/01/2008     C-23463 1109245 23/02/2023 23/02/2023 Libro impreso